|
|
|
|
| LEADER |
00000cam a22000004a 4500 |
| 001 |
musev2_17499 |
| 003 |
MdBmJHUP |
| 005 |
20230905041906.0 |
| 006 |
m o d |
| 007 |
cr||||||||nn|n |
| 008 |
081212s2009 flu o 00 0 eng d |
| 020 |
|
|
|a 9780813045634
|
| 020 |
|
|
|z 0813033551
|
| 020 |
|
|
|z 9780813033556
|
| 035 |
|
|
|a (OCoLC)681512571
|
| 040 |
|
|
|a MdBmJHUP
|c MdBmJHUP
|
| 245 |
0 |
0 |
|a Key West Hemingway :
|b A Reassessment /
|c edited by Kirk Curnutt and Gail D. Sinclair.
|
| 264 |
|
1 |
|a Gainesville :
|b University Press of Florida,
|c 2009.
|
| 264 |
|
3 |
|a Baltimore, Md. :
|b Project MUSE,
|c 2013
|
| 264 |
|
4 |
|c ©2009.
|
| 300 |
|
|
|a 1 online resource (352 pages):
|b ill.
|
| 336 |
|
|
|a text
|b txt
|2 rdacontent
|
| 337 |
|
|
|a computer
|b c
|2 rdamedia
|
| 338 |
|
|
|a online resource
|b cr
|2 rdacarrier
|
| 505 |
0 |
|
|a A Key West girl / Ernest Hemingway, with an introduction by Patrick Hemingway -- 907 Whitehead Street / Carol Hemingway -- Only in Key West : Hemingway's fortunate isle / Lawrence R. Broer -- The end of some things : Hemingway's decade of loss / Gail D. Sinclair -- Beleaguered modernists : Hemingway, Stevens, and the left / Milton A. Cohen -- Hemingway, the left, and Key West / Dan Monroe -- Harry and the pirates : the romance and reality of piracy in Hemingway's To have and have not / Susan F. Beegel -- Tropical iceberg : Cuban turmoil in the 1930s and Hemingway's To have and have not / Steve Paul -- The Anita logs and To have and have not : the Gulf Stream as transcribed experience / Mark P. Ott -- "The poor are different from you and me" : masculinity and class in To have and have not / Susan J. Wolfe -- Hemingway, Faulkner, and Hawks : the nexus of creativity that generated the film To have and have not / Mimi Reisel Gladstein -- Reexamining the origins of "After the storm" / Michael J. Crowley -- Why Esquire? : the multiple voices of Hemingway's complex public persona / John J. Fenstermaker -- Letters and literary tourism : Hemingway as your Key West correspondent in "The sights of Whitehead Street" / E. Stone Shiflet and Kirk Curnutt -- Hemingway's Key West band of brothers : the World War I veterans in "Who murdered the vets?" and To have and have not / James H. Meredith -- The nice, the strange, and the wicked : physical and moral landscapes in "The strange country" / Nicole Camastra -- Key West as carnival : Hemingway and the commodification of celebrity / Russ Pottle.
|
| 588 |
|
|
|a Description based on print version record.
|
| 600 |
1 |
0 |
|a Hemingway, Ernest,
|d 1899-1961
|x Homes and haunts
|z Florida
|z Key West.
|
| 600 |
1 |
0 |
|a Hemingway, Ernest,
|d 1899-1961
|x Political and social views.
|
| 600 |
1 |
0 |
|a Hemingway, Ernest,
|d 1899-1961.
|t To have and have not.
|
| 651 |
|
0 |
|a Key West (Fla.)
|x Intellectual life
|y 20th century.
|
| 655 |
|
7 |
|a Electronic books.
|2 local
|
| 700 |
1 |
|
|a Curnutt, Kirk,
|d 1964-
|
| 700 |
1 |
|
|a Sinclair, Gail D.
|
| 710 |
2 |
|
|a Project Muse.
|
| 710 |
2 |
|
|a Project Muse.
|e distributor
|
| 830 |
|
0 |
|a Book collections on Project MUSE.
|
| 856 |
4 |
0 |
|z Texto completo
|u https://projectmuse.uam.elogim.com/book/17499/
|
| 945 |
|
|
|a Project MUSE - Custom Collection
|
| 945 |
|
|
|a Project MUSE - Archive Complete Supplement
|
| 945 |
|
|
|a Project MUSE - Archive Literature Supplement
|